000 00488nam a2200181Ia 4500
003 GCL
008 140319s9999 xx 000 0 ara d
040 _aGCL /
_cGCL
082 0 4 _a634
_bع ب
100 1 _aعزالدين فراج
245 1 0 _aبساتين الفاكهة /
_cعزالدين فراج
260 _a[S.N] :
_bدار الفكر العربى ،
_c1980
300 _a291 ص
490 _a
650 0 4 _aالفواكهة
650 0 4 _aالبساتين
942 _2ddc
_cBK
999 _c48148
_d48148